000
00261nam a2200109Ia 4500
008
220120s9999||||xx |||||||||||||| ||und||
082
_a
005.1 GUP
100
_a
Gupta, Vikas
245
0
_a
Comdex computer course kit
260
_b
New Delhi
300
_a
295p.
_b
150
999
_c
136371
_d
136371